000 00969nam a22002177a 4500
001 6887
003 FISKH
005 20250604121956.0
008 250604b cb ||||| |||| 00| 0 eng d
020 _a9781108746366
040 _aFISKH
_beng
_cFISKH
_dFISKH
082 _a510
100 _aByrd, Lynn
245 _aCambrdige lower secondary Mathematics :
_bWorkbook 7 /
_cBy Lynn Byrd, Greg Byrd & Chris Pearce
250 _aFirst published 2014
260 _aNew York :
_bCambridge University Press ,
_c2021.
300 _a253 pages :
_billustrations ;
_c29 cm .
520 _aThe Cambridge Lower Secondary Mathematics Workbook 7, authored by Lynn Byrd, is designed to support students in mastering mathematical concepts through engaging activities. Published by Cambridge University Press on April 29, 2021, this workbook is tailored for students following the Cambridge Lower Secondary Mathematics curriculum framework.
942 _2ddc
_cBK
_n0
999 _c6887
_d6887